02268nab a2200265uuc45000010008000000030004000080050017000120080041000290350012000700400013000820410008000951000044001032450096001475201286002436500027015296500034015566500030015907000037016207000034016577000051016917000035017427000035017777000046018127730144018581330558OSt20240223085641.0130529m01uu2013 spa  a1330558 ccomduadb aspa10aGarzón Sanabria, Verónica4auteaut10aTerapia periodontal no quirúrgica en pacientes con diabetes mellitus tipo 2 en descontrol3 aObjetivo: evaluar el efecto del tratamiento periodontal no quirúrgico sobre el control metabólico expresado por HbA1c en pacientes con diabetes mellitus tipo 2 (DM2) en descontrol y enfermedad periodontal tratados con el algoritmo de la Asociación Americana para la Diabetes y la Asociación Europea para el Estudio de la Diabetes. Métodos: la muestra se formó con 38 pacientes con DM2 en descontrol y enfermedad periodontal de una clínica de beneficencia. Se otorgó tratamiento periodontal no quirúrgico y se realizaron determinaciones basales de HbA1c y tres meses después. Se aplicó la prueba t de Student para muestras dependientes. Resultados: el 79 % de la muestra fue del sexo femenino; la edad promedio fue de 51 ± 9.8 años. El promedio de la HbA1c antes y después del tratamiento disminuyó de 8.6 a 8 % (p = 0.026). Después del tratamiento, la prevalencia de enfermedad periodontal fue de 8 %. El promedio del control personal de placa antes y después del tratamiento disminuyó de 82.6 % a 35.5 % (p < 0.000). Conclusiones: similar a lo informado en estudios previos, después del tratamiento periodontal se observó mejoría en el control glucémico, remisión de enfermedad periodontal y disminución de control personal de placa. aEnfermedad periodontal 7aDiabetes mellitus tipo 22dcs aHemoglobina A glucosilada10aOlmos Bringas, Marisol4auteaut10aMota Sanhua, Vanesa4auteaut10aEnríquez Bárcenas, Luis Fernando4auteaut10aGarcía Ruiz, Erika4auteaut10aRivas Ayala, Lourdes4auteaut10aRojas Jiménez, José Alberto4auteaut0 tRevista Médica del Instituto Mexicano del Seguro Social (México)gVol. 51, No. 01, Ene.-Feb. 2013, p. 86-91w332961x0443-51170108785